00277nam a22001097a 4500003000400000005001700004008004100021040000700062082001300069245006700082300001800149OSt20211010154746.0211010b |||||||| |||| 00| 0 eng d cHU a368.7068 a Biotechnological applications in environmental management a408bHCc28cm